000 00364nam a22001577a 4500
003 MPLRDC
005 20220104142528.0
008 210129b ||||| |||| 00| 0 eng d
082 _a857.63 MY v.7
100 _a孟瑶
245 _a食人树
_c
260 _a
_b皇冠出版社
_c
300 _b
650 _a短篇小说--别集
942 _cBK
_o857.63 MY v.7
999 _c31617
_d31607